LEADER 01177nam a2200253 i 4500 001 000000186475 003 CaOOAMICUS 005 20150914000000.0 008 150914s1937 it u000 u ita u 013 $a164523 040 $aSeMil$bita 100 1 $aCerutti, Secondo.$0(OLS)http://semarc/name/68464 245 10$aEsame di coscienza ad uso degli ecclesiastici che fanno gli esercizi spirituali :$bCon commenti in Appendice /$cSecondo Cerutti. 260 $aCasale Monferrato :$bUnione Tipografica Popolare,$c1937. 300 $a92 p. :$bill. ;$c16 cm. 500 $aFondo card. Giovanni Colombo. 650 4$aSacerdozio - Spiritualità.$0(OLS)http://semarc/subject/2395 650 4$aEsame di coscienza.$0(OLS)http://semarc/subject/3138 850 $aSeMil 852 $aSeMil$W1$xVenegono$y1$m3GC II 334$j137162$B137162$CSeMilBibl$Z2$F148733 $8B 941 1 $a3 961 $aLascito: Colombo Card. Giovanni 996 $6245$aEsame di coscienza ad uso degli ecclesiastici che fanno gli esercizi spirituali :$bCon commenti in Appendice$9(OLS)http://semarc/title/268074 996 $6260$aCasale Monferrato :$bUnione Tipografica Popolare$9(OLS)http://semarc/publisher/46797 LEADER 01162nam a2200253 i 4500 001 000000051703 003 CaOOAMICUS 005 20220610124644.0 008 120901s1974 it u000 u ita u 013 $a22875 040 $aSeMil$bita 100 1 $aLariccia, Sergio.$0(OLS)http://semarc/name/25551 245 10$aDiritto ecclesiastico italiano :$bbibliografia 1929-1972 /$cSergio Lariccia. 264 1$aMilano :$bGiuffrè,$c1974. 300 $aVII, 331 p. ;$c26 cm. 490 1 $aPubblicazioni della Facoltà di Giurisprudenza [dell']Università di Cagliari. Serie 1. Giuridica ;$v17 650 4$aDiritto ecclesiastico.$0(OLS)http://semarc/subject/933 830 0$aPubblicazioni della Facoltà di Giurisprudenza [dell']Università di Cagliari. Serie 1. Giuridica ;$v17.$0(OLS)http://semarc/title/36956 850 $aSeMil 852 $aSeMil$W1$xVenegono$y1$m2H III 146$j17858$B17858$CSeMilBibl$Z2$F17859 $81 961 $aAcquisto: Casa editrice 996 $6245$aDiritto ecclesiastico italiano :$bbibliografia 1929-1972$9(OLS)http://semarc/title/79260 996 $6264$aMilano :$bGiuffrè$9(OLS)http://semarc/publisher/29926